|
|
|
|
| LEADER |
00000nam a2200000 a 4500 |
| 001 |
vtls001335855 |
| 003 |
SK-MaSNL |
| 005 |
20260302033509.0 |
| 008 |
251124s1997 xr aab r yy 0 cze |
| 015 |
|
|
|a SNBZSA1998-00316
|
| 035 |
|
|
|a SNK000288832
|
| 040 |
|
|
|a SNK
|b slo
|c SNK
|e AACR2
|
| 041 |
0 |
|
|a cze
|
| 044 |
|
|
|a CZ
|
| 080 |
|
|
|a 737.1(437)"1918/1998"(083.81)=850
|2 1981
|
| 100 |
1 |
|
|a Novotný, Vlastislav
|4 aut
|9 310861
|
| 245 |
1 |
0 |
|a Mince Československa 1918-1993, České republiky a Slovenské republiky 1993-1998
|c Vlastislav Novotný ; [ceny zpracoval Miroslav Moulis]
|
| 250 |
|
|
|a 7. doplněné vyd.
|
| 260 |
|
|
|a Hodonín
|b [s.n.]
|c 1997
|
| 300 |
|
|
|a 152, [12] s.
|b obr.
|c 17 cm
|
| 504 |
|
|
|a Bibliogr. 152
|
| 648 |
|
7 |
|a 1993-1998
|2 SNK
|9 317327
|
| 648 |
|
7 |
|a 1918-1993
|2 SNK
|9 315177
|
| 650 |
0 |
7 |
|a mince
|2 SNKPH
|9 2305
|
| 655 |
|
7 |
|a katalógy
|2 SNKPH
|9 60821
|
| 700 |
1 |
|
|a Moulis, Miroslav
|4 aut
|9 64447
|
| 958 |
|
|
|a ZS
|
| 958 |
|
|
|a TL
|
| 958 |
|
|
|a NB
|
| 958 |
|
|
|a CZ
|
| 999 |
|
|
|c 1062011
|d 1063941
|
| 952 |
|
|
|t P60, <03>, [BOOK], {603}
|a SNK
|b SNK
|y PREZ
|7 0
|p 17A0141180
|o snkOSD 8164
|i snkV 861/98
|0 0
|1 0
|4 0
|d 1998-07-01
|l 0
|r 2005-01-02 00:00:00
|w 2026-02-24
|